[Event "SVK-ch U16"]
[Site "Lubovna"]
[Date "2013.04.12"]
[Round "8"]
[White "Repka, Michal"]
[Black "Kuruc, Michael"]
[Result "0-1"]
[WhiteElo "1110"]
[BlackElo "1524"]
[PlyCount "28"]
[EventDate "2013.04.06"]
[EventType "swiss"]
[EventRounds "9"]
[EventCountry "SVK"]
[SourceTitle "CBM 153 Extra"]
[Source "ChessBase"]
[SourceDate "2013.04.22"]
[SourceVersion "1"]
[SourceVersionDate "2013.04.22"]
[SourceQuality "1"]

1. e4 e5 2. Nf3 Nc6 3. Bb5 a6 4. Bxc6 dxc6 5. d4 exd4 6. Qxd4 Bg4 7. Qxd8+ Rxd8 8. Nbd2 Nf6 9. e5 Nd5 10. a3 Nf4 11. g3 Nh3 12. Ng1 Nxg1 13. Rxg1 Bc5 14. Nc4 Rd1# 0-1